Timó. Llengua catalana. 6º curs

Gespeichert in:
Bibliographische Detailangaben
1. Verfasser: Brossa i Alavedra, Maria Perera i Parramón, Joan
Format: keine Angabe
Sprache:Spanisch
Katalanisch
Erschienen: Sant Adrià de Besòs. Barcelona Bruño 1985
Katalog:MANES:  Suchergebnis im Bibliothekskatalog
Schulbuchspezifische Eigenschaften:
Schriftenreihe:El Vaixell
Tags: Tag hinzufügen
Keine Tags, Fügen Sie den ersten Tag hinzu!
Hinzugefügt zu:26.04.2016
Geändert in:20.11.2024

MARC

LEADER 000000000a22000000004500
001 02374
003 OSt
005 20241121020107.0
008 160427s sp ||||| |||| 00| 0 spa d
040 |c centro_manes 
041 1 |a cat 
691 7 |a PRI 
100 1 |a Brossa i Alavedra, Maria  |9 194  |a Perera i Parramón, Joan  |9 254 
245 0 0 |a Timó. Llengua catalana. 6º curs 
260 3 |a Sant Adrià de Besòs. Barcelona  |b Bruño  |c 1985 
300 |a 223 p.  |c 25x19 cm 
440 |a El Vaixell  |9 196 
500 |a Fecha de publicación tomada del Depósito Legal 
690 0 |a LEN 
942 |2 ddc  |c BK 
546 |a España 
999 |c 8348  |d 8348 
999 |c manes:8348  |d 8348